Quizzes
Events
Quiz Creation
Community
Videos
Private Events
Remove Ads
Sign In
Join for FREE
Feedback
Dark Mode
Quiz Categories
Sports
Geography
Music
Movies
Television
Just For Fun
Miscellaneous
History
Literature
Language
Science
Gaming
Entertainment
Religion
Holiday
For Kids
Quiz Lab
Recent
Popular Today
Quiz Kudos Today
Editor Picks
Curator Picks
Quizzes by...
Day
Popularity
Type
Ratings
Length
Year
Community
Subscriptions
Recent Discussions
Orange Saloon
Badges
Playlists
Quests
Create
Leaderboards
Showdown
Live 5
Trivia Bingo
Activity
Puzzle Library
Sporcle Events
Private Events
Virtual Trivia
Globe League
Become a Host
Pub Owners
SporcleCon
Opinionation
Our Games
Videos
Blog
Mobile Apps
Partnerships
Remove Ads and Go Orange
Feedback
Movies
Disney
Marvel Cinematic Universe
Movie Resume
Movie Titles
Oscar
Actor
Actress
Director
Pixar
Role
Movie Quotes
Movie Characters
Box Office
Nominee
Best Picture
Star Wars
James Bond
Horror Movies
Movies
Disney
Marvel Cinematic Universe
Movie Resume
Movie Titles
Oscar
Actor
Actress
Director
Pixar
Role
Movie Quotes
Movie Characters
Box Office
Nominee
Best Picture
Star Wars
James Bond
Horror Movies
Random Quiz
Search Sporcle
×
Quiz Lab
Quiz Lab
Movies
Comic Books
Type in answers that appear in a list
Type in answers that appear in a list
Classic
Best Score? Go Orange.
All-Star Casts Stats
Can you name the cast members for the listed ensemble films?
By
Arkturus
12m
100 Questions
860 Plays
860 Plays
860 Plays
Comments
Comments
Give Quiz Kudos
Give Quiz Kudos
-
- Ratings
hide this ad
More Info
Replay
Link that replays current quiz
Next Quiz
Link to next quiz in quiz playlist
You Got
0%
They Got
Avg Score
50%
Avg Friend Score
Upgrade to see
Score Distribution
Jump to the score distribution portion of the page
Score
0/100
Timer
12:00
0
Plays Today
Film
Actor
% Correct
Saving Private Ryan (1998)
Tom Hanks
97.8%
Saving Private Ryan (1998)
Matt Damon
94.2%
The Dark Knight (2008)
Christian Bale
93.4%
The Dark Knight (2008)
Heath Ledger
93.1%
X-
Men 2 (2003)
Hugh Jackman
91.9%
Inception (2010)
Leonardo DiCaprio
90.9%
A Bridge Too Far (1977)
Michael Caine
90.5%
The Dark Knight (2008)
Michael Caine
90.5%
Inception (2010)
Michael Caine
90.5%
The Dark Knight (2008)
Morgan Freeman
89.7%
Amistad (1997)
Morgan Freeman
89.7%
X-
Men 2 (2003)
Halle Berry
86.5%
The Dark Knight (2008)
Gary Oldman
85.2%
JFK (1991)
Gary Oldman
85.2%
True Romance (1992)
Gary Oldman
85.2%
X-
Men 2 (2003)
Patrick Stewart
84%
Shakespeare In Love (1998)
Gwyneth Paltrow
82.4%
The Dark Knight (2008)
Maggie Gyllenhaal
81%
The Dark Knight (2008)
Aaron Eckhart
80%
X-
Men 2 (2003)
Ian McKellen
79.7%
Shakespeare In Love (1998)
Joseph Fiennes
77.7%
Inception (2010)
Ellen Page
77.7%
JFK (1991)
Kevin Costner
77.3%
Inception (2010)
Joseph Gordon-Levitt
75%
Love Actually (2003)
Hugh Grant
71.7%
Saving Private Ryan (1998)
Vin Diesel
71.4%
The Dark Knight (2008)
Cillian Murphy
70.7%
Inception (2010)
Cillian Murphy
70.7%
Shakespeare In Love (1998)
Judi Dench
66.9%
Inception (2010)
Tom Hardy
64.7%
X-
Men 2 (2003)
Anna Paquin
64.7%
Amistad (1997)
Anna Paquin
64.7%
Saving Private Ryan (1998)
Tom Sizemore
61.7%
A Bridge Too Far (1977)
Anthony Hopkins
60.8%
Film
Actor
% Correct
Amistad (1997)
Anthony Hopkins
60.8%
Love Actually (2003)
Colin Firth
60%
Shakespeare In Love (1998)
Colin Firth
60%
True Romance (1992)
Christian Slater
59.7%
Inception (2010)
Marion Cotillard
59.2%
Shakespeare In Love (1998)
Ben Affleck
57.6%
JFK (1991)
Tommy Lee Jones
57.4%
X-
Men 2 (2003)
Famke Janssen
56.7%
Love Actually (2003)
Emma Thompson
56.4%
Love Actually (2003)
Keira Knightley
56.4%
X-
Men 2 (2003)
Rebecca Romijn
55.6%
True Romance (1992)
Patricia Arquette
55.1%
X-
Men 2 (2003)
James Marsden
54.7%
Love Actually (2003)
Liam Neeson
52.9%
True Romance (1992)
Brad Pitt
52.6%
Inception (2010)
Ken Watanabe
52.1%
Love Actually (2003)
Alan Rickman
51.3%
True Romance (1992)
Christopher Walken
48.7%
The Dark Knight (2008)
Eric Roberts
48.5%
Shakespeare In Love (1998)
Geoffrey Rush
42.2%
Saving Private Ryan (1998)
Giovanni Ribisi
42.1%
True Romance (1992)
Dennis Hopper
41.5%
Love Actually (2003)
Bill Nighy
40.1%
Love Actually (2003)
Billy Bob Thornton
39.9%
X-
Men 2 (2003)
Alan Cumming
39%
JFK (1991)
Joe Pesci
38.8%
Saving Private Ryan (1998)
Barry Pepper
38.3%
Saving Private Ryan (1998)
Edward Burns
37.9%
Amistad (1997)
Matthew McConaughey
37.2%
X-
Men 2 (2003)
Brian Cox
37.1%
A Bridge Too Far (1977)
Sean Connery
36.4%
JFK (1991)
Kevin Bacon
35.8%
Amistad (1997)
Djimon Hounsou
35.7%
JFK (1991)
Jack Lemmon
34.5%
Film
Actor
% Correct
Saving Private Ryan (1998)
Adam Goldberg
34.1%
True Romance (1992)
Val Kilmer
32.8%
Love Actually (2003)
Laura Linney
30.5%
JFK (1991)
Donald Sutherland
30.2%
JFK (1991)
Sissy Spacek
29.5%
Inception (2010)
Pete Postlethwaite
28.3%
Amistad (1997)
Pete Postlethwaite
28.3%
Inception (2010)
Tom Berenger
27.6%
JFK (1991)
Walter Matthau
27.2%
A Bridge Too Far (1977)
Robert Redford
24.9%
True Romance (1992)
James Gandolfini
24.9%
Amistad (1997)
Chiwetel Ejiofor
24%
A Bridge Too Far (1977)
Gene Hackman
23.7%
True Romance (1992)
Chris Penn
22.7%
Love Actually (2003)
Rowan Atkinson
22.3%
Shakespeare In Love (1998)
Tom Wilkinson
21.9%
True Romance (1992)
Michael Rapaport
21.3%
JFK (1991)
John Candy
20.9%
A Bridge Too Far (1977)
James Caan
19.9%
A Bridge Too Far (1977)
Laurence Olivier
19.2%
Saving Private Ryan (1998)
Jeremy Davies
18.8%
The Dark Knight (2008)
Nestor Carbonell
17.4%
A Bridge Too Far (1977)
Edward Fox
15.1%
A Bridge Too Far (1977)
Ryan O'Neal
13.7%
Shakespeare In Love (1998)
Imelda Staunton
13.1%
Shakespeare In Love (1998)
Rupert Everett
10.9%
A Bridge Too Far (1977)
Dirk Bogarde
9.7%
Amistad (1997)
Nigel Hawthorne
8.8%
Amistad (1997)
Stellan Skarsgard
8.7%
Amistad (1997)
David Paymer
7.7%
Shakespeare In Love (1998)
Simon Callow
6.7%
Saving Private Ryan (1998)
Harve Prasnell
1.5%
Quiz Playlist
Details
Report
Send in Message
Add To Playlist
More Info:
Row One - War Films, Row Two - Romance Films, Row Three - Comic Book Films, Row Four - Action Films, Row Five - Political Films
Classic:
Type in answers that appear in a list
Quiz Source
Last Updated: May 19, 2017
Quiz Scoreboard
CHALLENGE
Sign Up to Join the Scoreboard
Show All
Scores
Hide
Comments
May contain spoilers
Recently Published
TV Characters by Other Roles V
by ghcgh
Television
5m
Decade Duel: World Leaders
by jenniferyan
History
4m
Alphabetical 'K' Countries by Flag Minefield
by ylime102
Geography
3m
More to Explore
Quiz From the Vault
Featured Blog Post
15 Basketball Trivia Facts You Can Be March Mad About
hide this ad
You Might Also Like...
Tags
Actor Quiz
Cast Quiz
Comic Books Quiz
Politics Quiz
War Quiz
Action
All-Star
Romance
Steven Spielberg
War Films
Today's Top Quizzes in Movies
Browse Movies
hide this ad
Today's Top Quizzes in Comic Books
Browse Comic Books
Top Contributed Quizzes in Movies
1
Pick 6: Harry Potter
2
Pick 6: Movie Franchises
3
Pick 6: Actors
4
Pick 6: Actresses
5
Pick 6: Disney Princesses
6
Decade Duel: Best Picture Winner
7
Movies of the Seasons
8
Match The President To The Fictional Crisis
9
Decade Duel: Disney Animated Movies
10
Movie Seasons
Explore More
Trending Topics
Crossword
NBA
Harry Potter
Anime
Marvel
Kpop
Disney
Puzzle
The Office
Song
Country
Pokémon
Soccer
NFL
WWE
hide this ad
More By:
Arkturus
Quiz
Plays
Rating
Category
Featured
Created
IGN's Top 100 Final Fantasy Characters
5,039
4.40
Gaming
Jul 20, 2011
Have They Won An NXT Championship (2012-2023)?
3,745
3.42
Sports
Oct 11, 2017
100 Greatest Western Movies
3,470
4.45
Movies
Jun 20, 2011
100 Greatest Action Movies
2,996
4.19
Movies
Jun 19, 2011
100 Greatest Sci-Fi Movies
2,984
4.29
Movies
Jun 17, 2011
Go to Creator's Profile
Score Distribution
Quiz Creator Spotlight
Arkturus
Follow
Send a Message
Quizzes Created
-
Created Quiz Play Count
-
More By This Creator
Popular Quizzes Today
1
Countries of Asia Without Outlines Minefield
2
Find the US States - No Outlines Minefield
3
Pick 6: Fruits
4
The Countries of the World
5
Find the Countries of Europe - No Outlines Minefield
6
Alphabetical 'K' Countries by Flag Minefield
7
US States
8
Find the US States
More Movies Quizzes
The Quotable Burt Reynolds
Curator's Pick
Trending Quizzes
Pick 6: Mountains
Pick 6: Harry Potter
Pick 6: NFL Teams
Pick 6: Flags
C Names for Actors
Recently Updated
Adaptations: Name the Title
pecheneg
NWSL Teams
pecheneg
Women's Final Four Teams by Year
bhenderson79
Presidents Quartet II
eogle
Anything But Clue(do)
eogle
Anything But Oceanian Capitals
eogle
Anything But 7
eogle
Anything But Thing
eogle
Word Ladder: February 29
pecheneg
Song Title Questions
pecheneg
Trending Topics
NBA
Kpop
Disney
Marvel
Harry Potter
Crossword
Anime
Puzzle
Pokémon
Song
WWE
Country
Soccer
The Office
NFL
Your Account Isn't Verified!
In order to create a playlist on Sporcle, you need to verify the email address you used during registration. Go to your
Sporcle Settings
to finish the process.
Report this User
Report this user for behavior that violates our
Community Guidelines
.
Details:
Send Report
Go to the Sporcle.com Mobile Site →
Comments